Family Law (Record no. 20051)
[ view plain ]
| 000 -LEADER | |
|---|---|
| fixed length control field | 00323nam a22001457a 4500 |
| 008 - FIXED-LENGTH DATA ELEMENTS--GENERAL INFORMATION | |
| fixed length control field | 230524b |||||||| |||| 00| 0 eng d |
| 020 ## - INTERNATIONAL STANDARD BOOK NUMBER | |
| ISBN | 9789395759106 |
| 100 ## - MAIN ENTRY--AUTHOR NAME | |
| Personal name | P. Diwan |
| 245 ## - TITLE STATEMENT | |
| Title | Family Law |
| 250 ## - EDITION STATEMENT | |
| Edition statement | 13th Ed. |
| 260 ## - PUBLICATION, DISTRIBUTION, ETC. (IMPRINT) | |
| Place of publication | Haryana |
| Name of publisher | ALA Pub. |
| Year of publication | 2023 |
| 300 ## - PHYSICAL DESCRIPTION | |
| Number of Pages | 617 |
| 546 ## - LANGUAGE NOTE | |
| Language note | English |
| 942 ## - ADDED ENTRY ELEMENTS (KOHA) | |
| Source of classification or shelving scheme | Dewey Decimal Classification |
| Koha item type | Books |
| Accession Number | Cost, normal purchase price | Bill Date | Source of acquisition | Price effective from | Koha item type | Withdrawn / writtenoff status | Damaged status | Not for loan | Permanent Location | Current Location | Shelving location | Date acquired | Lost/ Missing status | department |
|---|---|---|---|---|---|---|---|---|---|---|---|---|---|---|
| LLB 662 | 795.00 | 16-5-2023 | ABD Publisher, Jammu | 05/24/2023 | Books | Not For Loan | MIET Library, Jammu | MIET Library, Jammu | 1815 | 05/17/2023 | BBA LLB | |||
| LLB 663 | 795.00 | 16-5-2023 | ABD Publisher, Jammu | 05/24/2023 | Books | MIET Library, Jammu | MIET Library, Jammu | 182/4 | 05/17/2023 | BBA LLB | ||||
| LLB 664 | 795.00 | 16-5-2023 | ABD Publisher, Jammu | 05/24/2023 | Books | MIET Library, Jammu | MIET Library, Jammu | 182/4 | 05/17/2023 | BBA LLB | ||||
| LLB 665 | 795.00 | 16-5-2023 | ABD Publisher, Jammu | 05/24/2023 | Books | MIET Library, Jammu | MIET Library, Jammu | 182/4 | 05/17/2023 | BBA LLB | ||||
| LLB 666 | 795.00 | 16-5-2023 | ABD Publisher, Jammu | 05/24/2023 | Books | MIET Library, Jammu | MIET Library, Jammu | 182/4 | 05/17/2023 | BBA LLB | ||||
| LLb 853 | 795.00 | 16-5-2023 | ABD Jammu. | 05/30/2023 | Books | MIET Library, Jammu | MIET Library, Jammu | 182/4 | 05/26/2023 | BBA LLB | ||||
| LLb 854 | 795.00 | 16-5-2023 | ABD Jammu. | 05/30/2023 | Books | MIET Library, Jammu | MIET Library, Jammu | 182/4 | 05/26/2023 | BBA LLB | ||||
| LLb 855 | 795.00 | 16-5-2023 | ABD Jammu. | 05/30/2023 | Books | MIET Library, Jammu | MIET Library, Jammu | 182/4 | 05/26/2023 | BBA LLB | ||||
| LLb 856 | 795.00 | 16-5-2023 | ABD Jammu. | 05/30/2023 | Books | MIET Library, Jammu | MIET Library, Jammu | 182/4 | 05/26/2023 | BBA LLB | ||||
| LLb 857 | 795.00 | 16-5-2023 | ABD Jammu. | 05/30/2023 | Books | MIET Library, Jammu | MIET Library, Jammu | 182/4 | 05/26/2023 | BBA LLB |